000 00321nam a22001457a 4500
008 210517b ||||| |||| 00| 0 eng d
020 _a0195033140
041 _aeng
080 _a2
082 _a2
100 _a24
101 _aTEO
245 _aMysticism and Religious Traditions
_cSteven T. Katz
942 _2udc
_cBK
999 _c57371
_d57371